LEADER 00939nam0-22003131i-450- 001 990001741990403321 005 20070619084928.0 035 $a000174199 035 $aFED01000174199 035 $a(Aleph)000174199FED01 035 $a000174199 100 $a20030910d1968----km-y0itay50------ba 101 0 $aeng 102 $aGB 105 $aa---a---001yy 200 1 $aInformation agreements, competition and efficiency$fD.P. O'Brien and D. Swann 210 $aLondon [etc.]$cMacmillan$dc1968 215 $a248 p.$d23 cm 610 0 $aImprese$aAccordi e alleanze 610 0 $aLegislazione antimonopolistica 700 1$aO'Brien,$bDenis Patrick$f<1939- >$049634 701 1$aSwann,$bDennis$075499 801 0$aIT$bUNINA$gRICA$2UNIMARC 901 $aBK 912 $a990001741990403321 952 $aG/3.21 OBR$b041434$fSES 959 $aSES 996 $aInformation agreements, competition and efficiency$9366169 997 $aUNINA LEADER 02956oam 2200421zu 450 001 996199052003316 005 20210807005435.0 010 $a0-674-99343-8 035 $a(CKB)3820000000012213 035 $a(SSID)ssj0001680256 035 $a(PQKBManifestationID)16496363 035 $a(PQKBTitleCode)TC0001680256 035 $a(PQKBWorkID)15028474 035 $a(PQKB)10675006 035 $a(NjHacI)993820000000012213 035 $a(EXLCZ)993820000000012213 100 $a20160829d1935 uy 101 0 $aeng 135 $aur||||||||||| 181 $ctxt 182 $cc 183 $acr 200 00$aMoral Essays: Vol. III: De Beneficiis. 3 210 31$a[Place of publication not identified]$cHarvard University Press$d1935 215 $a1 online resource (544 pages) $cillustrations 300 $aBibliographic Level Mode of Issuance: Monograph 327 $aIntroduction - De Beneficiis - Book 1 - Book 2 - Book 3 - Book 4 - Book 5 - Book 6 - Book 7 - Index of Names. 330 $aSeneca, Lucius Annaeus, born at Corduba (Cordova) ca. 4 BCE, of a prominent and wealthy family, spent an ailing childhood and youth at Rome in an aunt's care. He became famous in rhetoric, philosophy, money-making, and imperial service. After some disgrace during Claudius's reign he became tutor and then, in 54 CE, advising minister to Nero, some of whose worst misdeeds he did not prevent. Involved (innocently?) in a conspiracy, he killed himself by order in 65. Wealthy, he preached indifference to wealth; evader of pain and death, he preached scorn of both; and there were other contrasts between practice and principle. We have Seneca's philosophical or moral essays (ten of them traditionally called Dialogues)-on providence, steadfastness, the happy life, anger, leisure, tranquility, the brevity of life, gift-giving, forgiveness-and treatises on natural phenomena. Also extant are 124 epistles, in which he writes in a relaxed style about moral and ethical questions, relating them to personal experiences; a skit on the official deification of Claudius, Apocolocyntosis (in Loeb Classical Library no. 15); and nine rhetorical tragedies on ancient Greek themes. Many epistles and all his speeches are lost. The Loeb Classical Library edition of Seneca is in eleven volumes: his moral essays are collected in Volumes I-III; the 124 epistles in Volumes IV-VI; the tragedies in Volumes VIII and IX; and the treatises on natural phenomena, Naturales Quaestiones, in Volumes VII and X. Volume XI contains the short satirical pamphlet Apocolocyntosis (Pumpkinification). 606 $aRhetoric, Ancient 615 0$aRhetoric, Ancient. 676 $a808.0 702 $aSeneca$b Lucius Annaeus$fapproximately 4 B.C.-65 A.D. 702 $aBasore$b John W$g(John William),$f1870- 801 0$bPQKB 906 $aBOOK 912 $a996199052003316 996 $aMoral Essays: Vol. III: De Beneficiis. 3$93575970 997 $aUNISA